Особливий режим досудового розслідування в умовах воєнного, надзвичайного стану або у районі проведення антитерористичної операції (Запис № 458602)

МАРК-запис
000 -Лідер
fixed length control field 03677nam a22002657a 4500
001 - Контрольний номер
control field 5150436
003 - Ідентифікатор контрольного номера
control field UA-OsUOA
005 - Дата та час останнього входження (трансакції)
control field 20201105164040.0
008 - Елементи даних фіксованої довжини – загальна інформація
fixed length control field 200325b un ||||| |||| 00| 0 ukr d
040 ## - Джерело каталогізації
Агенція оригінальної каталогізації UA-OsUOA
Мова каталогізації ukr
Агенція, яка здійснювала перезапис UA-OsUOA
Агенція, яка здійснювала модифікацію UA-OsUOA
041 ## - Код мови
Код мови тексту/ звукової доріжки чи окремого заголовка (П) ukr
080 ## - Індекс Універсальної десяткової класифікації
Індекс Універсальної десяткової класифікації (УДК) (НП) 343.137:355.271(477)
090 ## - Локальний шифр розміщення
Класифікаційний індекс УДК 343.137:355.271(477)
095 ## - Код спеціальності для авторефератів
Код спеціальності 12.00.09
Назва спеціальності кримінальний процес та криміналістика; судова експертиза; оперативно-розшукова діяльність
100 ## - Основне введення – ім’я особи
Ім’я особи (НП) Лазукова О. В.
245 ## - Відомості про назву
Назва (НП) Особливий режим досудового розслідування в умовах воєнного, надзвичайного стану або у районі проведення антитерористичної операції
Дані про відповідальність (НП) Лазукова Оксана Володимирівна ; наук. керівник Капліна Оксана Володимирівна
260 ## - Публікація, розповсюдження і т.п. (Вихідні дані)
Місце публікації, розповсюдження і т.п. (П) Харків
Дата публікації, розповсюдження і т.п. (П) 2018
300 ## - Фізичний опис
Обсяг 20 с.
502 ## - Примітка про дисертацію
Зв'язок Автореферат дисертації на здобуття наукового ступеня кандидата юридичних наук<br/>
Наймення інституції, що представляється Національний юридичний університет імені Ярослава Мудрого
Рік отримання вченого ступеня 2018
520 ## - Резюме і т.п.
Резюме, реферат, анотація, тощо (НП) Робота спрямована на поглиблене вивчення теоретичних і прикладних аспектів здійснення досудового розслідування в умовах воєнного, надзвичайного стану або у районі проведення АТО. Досліджуються історія розвитку кримінального процесуального законодавства в умовах дії особливих правових режимів і практика його реалізації. Аргументується наукова позиція стосовно характеристики норм, що регулюють здійснення досудового розслідування в умовах воєнного, надзвичайного стану або у районі проведення АТО, як нового інституту кримінального процесуального права, виокремлюються передумови їх інституціоналізації. Констатовано поліаспектність функціонального призначення розглядуваного інституту. Виокремлені й охарактеризовані загальні положення особливого режиму досудового розслідування в "надзвичайних умовах".<br/>На підставі проведеного дослідження, з урахуванням правозастосовної практики, сформульовано науково обґрунтовані пропозиції щодо удосконалення кримінального процесуального законодавства у частині здійснення досудового розслідування в умовах воєнного, надзвичайного стану або у районі проведення АТО.
650 ## - Додаткове предметне введення – тематичний термін
Джерело заголовка чи терміна UDC
Тематичний термін чи географічна назва, як елемент введення (НП) 343 Кримінальне право. Карні порушення
942 ## - Додаткові елементи входу (Коха)
Source of classification or shelving scheme Universal Decimal Classification
Тип елемента Koha Автореферат
955 ## - Код типу видання за змістом
Код типу видання за змістом (НП) Наукові видання

Немає доступних примірників.